Monografía histórica de Valparaíso, 1536-1910
Guardado en:
| Autor principal: | |
|---|---|
| Formato: | Libro |
| Lenguaje: | español |
| Publicado: |
Santiago
Altazor
2004
|
| Edición: | 1a. ed |
| Colección: | Crónica
|
| Materias: | |
| Acceso en línea: | portada |
| Etiquetas: |
Agregar Etiqueta
Sin Etiquetas, Sea el primero en etiquetar este registro!
|
MARC
| LEADER | 00000nam a2200000 a 4500 | ||
|---|---|---|---|
| 001 | UCJ8872 | ||
| 003 | CL-VaPUC | ||
| 008 | 070124e20040000CL |||||||||||||||||spa|d | ||
| 020 | |a 9567472262 | ||
| 082 | 0 | 4 | |a 983 |b SIL |2 21 |
| 100 | 0 | |a Silva, Víctor Domingo |e author |9 504927 | |
| 245 | 1 | 0 | |a Monografía histórica de Valparaíso, 1536-1910 |
| 250 | |a 1a. ed | ||
| 300 | |a 130 p | ||
| 942 | |c BK | ||
| 945 | |d 20070124 00:00:00 |a fvergara | ||
| 260 | |a Santiago |b Altazor |c 2004 | ||
| 500 | |a Edición a cargo de Patricio González González | ||
| 500 | |a Obra financiada con el aporte del Fondo Nacional del Libro, 2002 | ||
| 500 | |a Contiene ilustraciones, en base a grabados y mapas. También, incluye bibliografía y una cronología del período | ||
| 600 | 0 | |a Portales y Palazuelos, Diego |9 436961 | |
| 650 | 0 | |a Historia de Valparaíso |9 460237 | |
| 650 | 0 | |a Valparaíso histórico |9 266586 | |
| 650 | 0 | |a Conquista |9 339504 | |
| 650 | 7 | |a COLONIA |2 CL-VaPUC |9 518466 | |
| 650 | 0 | |a Independencia |9 344246 | |
| 650 | 0 | |a República |9 310048 | |
| 650 | 0 | |a Gobernadores |9 323856 | |
| 650 | 0 | |a Terremotos |9 267728 | |
| 650 | 0 | |a Comercio |9 255341 | |
| 650 | 0 | |a Inmigrantes |9 317882 | |
| 650 | 0 | |a Edificios |9 260501 | |
| 856 | 7 | |f UCJ8872_01.jpg |u http://opac.pucv.cl/pucv_img/Img-8500/UCJ8872_01.jpg |q JEPG |2 file |z portada | |
| 583 | |a last modification |c 20121024 03:20:45 |k Rodrigo Vera | ||
| 490 | 0 | |a Crónica | |
| 999 | |c 324521 |d 324519 | ||
| 952 | |0 0 |1 0 |4 0 |6 983_000000000000000_SIL_2004 |7 0 |8 X |9 404771 |a FDOBUD |b FDOBUD |d 2019-11-22 |i 1085166 |o 983 SIL 2004 |p 1085166 |r 2019-11-22 |w 2019-11-22 |y BK_X |k BUD | ||